Immigrazione 2014, dossier statistico, dalle discriminazioni ai diritti /

সংরক্ষণ করুন:
গ্রন্থ-পঞ্জীর বিবরন
সংস্থা লেখক: Italia. UNAR (লেখক), Centro studi e ricerche IDOS (সম্পাদক)
বিন্যাস: গ্রন্থ
ভাষা:ইতালিয়
প্রকাশিত: Roma : Idos, 2014
বিষয়গুলি:
ট্যাগগুলো: ট্যাগ যুক্ত করুন
কোনো ট্যাগ নেই, প্রথমজন হিসাবে ট্যাগ করুন!

MARC

LEADER 00000nam a22000007ib4500
001 IT\ICCU\TO0\1920510
003 ItRI
005 20251029113342.0
008 141201s2014 it |||||| ||||| |||||c
020 |a 9788864800486 
040 |b ita  |c ct 
041 7 |a ita  |2 ISO-639-2 
082 |a 305.800945  |2 22 
110 2 |a Italia.  |b UNAR  |0 IT\ICCU\LO1V\377669  |4 aut 
245 0 0 |a Immigrazione 2014,  |p dossier statistico,  |p dalle discriminazioni ai diritti /  |c UNAR, Ufficio nazionale antidiscriminazioni razziali ; a cura del Centro studi e ricerche Idos. 
260 |a Roma :  |b Idos,  |c 2014 
300 |a 479 p. ;  |c 24 cm 
650 7 |a Italia  |x Immigrazione  |x Statistiche  |2 scbi 
710 2 |a Centro studi e ricerche IDOS  |0 IT\ICCU\BVEV\130696  |4 edt 
773 0 |w IT\ICCU\PUV\1452932  |t Dossier statistico immigrazione  |g 2014 
942 |2 ddc  |c BK 
952 |0 0  |1 0  |2 ddc  |4 0  |6 325_450000000000000_CEN_DOS  |7 1  |9 334  |a GE  |b GE  |d 2015-12-10  |l 0  |o 325.45 CEN DOS  |p 2911  |r 2023-11-23 18:55:00  |w 2023-11-23  |y BK 
999 |c 244  |d 244